Aplicación de las Excepciones de Procedimiento en Materia Civil en el Distrito Judicial de Sánchez Ramírez, Período 2020-2021 / (Registro nro. 22011)

Detalles MARC
000 -LEADER
fixed length control field 03577nam a22002897a 4500
003 - CONTROL NUMBER IDENTIFIER
control field DO-CoUTE
005 - DATE AND TIME OF LATEST TRANSACTION
control field 20231115085124.0
008 - FIXED-LENGTH DATA ELEMENTS--GENERAL INFORMATION
fixed length control field 221103b dr ||||| |||| 00| 0 spa d
040 ## - CATALOGING SOURCE
Original cataloging agency DO-CoUTE
Language of cataloging spa
Transcribing agency DO-CoUTE
041 ## - LANGUAGE CODE
Language code of text/sound track or separate title spa
092 ## - LOCALLY ASSIGNED DEWEY CALL NUMBER (OCLC)
Classification number DER 2022 A26
100 1# - MAIN ENTRY--PERSONAL NAME
Personal name Acosta Francisco, Elizabeth
Relator term sustentante
245 ## - TITLE STATEMENT
Title Aplicación de las Excepciones de Procedimiento en Materia Civil en el Distrito Judicial de Sánchez Ramírez, Período 2020-2021 /
Remainder of title Elizabeth Acosta Francisco, Katherine Carolina Vargas De Jesús, Pablo Alfonso Morales Del orbe ; asesor Amable Arcadio Quezada Frías
260 ## - PUBLICATION, DISTRIBUTION, ETC.
Place of publication, distribution, etc. Cotuí, República Dominicana :
Name of publisher, distributor, etc. UTECO,
Date of publication, distribution, etc. 2022
300 ## - PHYSICAL DESCRIPTION
Extent ix, 57 hojas :
Dimensions 28cm.
Accompanying material + 1 CD-ROM
502 ## - DISSERTATION NOTE
Dissertation note Trabajo de grado (Licenciatura en Derecho) --Universidad Tecnológica del Cibao Oriental, 2022
504 ## - BIBLIOGRAPHY, ETC. NOTE
Bibliography, etc. note Incluye referencia bibliográfica e índice<br/>
505 ## - FORMATTED CONTENTS NOTE
Formatted contents note Índice -- declaración de autoría -- agradecimientos -- dedicatorias--resumen -- Capítulo I: Introducción -- Capítulo II: Revisión de literatura -- Capítulo III: Metodología -- Capítulo IV: Presentación de los resultados -- Capítulo V: Discusión y análisis de los resultados <br/>
520 ## - SUMMARY, ETC.
Summary, etc. La presente investigación titulada: "Aplicación de las excepciones de procedimiento en Materia Civil en el Distrito Judicial de Sánchez Ramirez" tuvo como finalidad responder a los objetivos planteados, en búsqueda de dar respuestas a las problemáticas abordadas, en donde se visualizaron ciertas irregularidades en la manera en que proceden los abogados con relación a las excepciones del procedimiento civil y su aplicación.<br/><br/>La investigación desarrollada se inició cumpliendo el debido formalismo de la Universidad Tecnológica del Cibao Oriental (UTECO), en donde en lo adelante se emplearon las metodologías que dieron acceso a la información, dentro de los pasos a seguir se efectuó el primer capítulo de la investigación donde se encuentran: los antecedentes, el planteamiento del problema, las variables e indicadores, justificación e importancia, definición de términos y el alcance investigativo.<br/><br/>En el capítulo dos se desglosa toda la bibliografia reciente encontrada en relación al tema objeto de estudio, para luego proceder al capítulo III en el cual se presenta la metodología, la cual estuvo basada en un estudio descriptivo no experimental, como instrumento se empleó un cuestionario cerrado y una entrevista, además se obtuvieron datos que permitieron avanzar hacia el capítulo 4, en el cual se presentan los resultados a través de tablas que hacen posible una mejor comprensión y finalmente el capítulo 5 en donde se encuentran las conclusiones y las principales recomendaciones emitidas por los investigadores.<br/><br/>Resaltando que las conclusiones se orientaron a manifestar cierto nivel de desconocimiento en los abogados en cuanto a las excepciones del procedimiento su aplicación y consecuencia de no ser invocados en la etapa correspondiente, otro dato de relevancia es la confusión que presentan los abogados con las excepciones del procedimiento y los medios de inadmisión.
650 ## - SUBJECT ADDED ENTRY--TOPICAL TERM
Source of heading or term Aplicación de las Excepciones de Procedimiento
700 1# - ADDED ENTRY--PERSONAL NAME
Personal name Vargas De Jesús, Katherine Carolina
Relator term sustentante
700 1# - ADDED ENTRY--PERSONAL NAME
Personal name Morales Del orbe, Pablo Alfonso
Relator term sustentante
700 1# - ADDED ENTRY--PERSONAL NAME
Personal name Amable Arcadio Quezada Frías,
Relator term asesor
830 ## - SERIES ADDED ENTRY--UNIFORM TITLE
Uniform title Tesis y disertaciones académicas (Universidad Tecnológica del Cibao Oriental)
856 ## - ELECTRONIC LOCATION AND ACCESS
Link text Haga Click Aquí para Descargar en Texto Completo
942 ## - ADDED ENTRY ELEMENTS (KOHA)
Source of classification or shelving scheme Clasificación Local
Koha item type Tesis
Existencias
Withdrawn status Lost status Source of classification or shelving scheme Damaged status Not for loan Collection code Home library Current library Shelving location Date acquired Inventory number Total Checkouts Full call number Barcode Date last seen Copy number Price effective from Koha item type
    Clasificación Local   Préstamo Interno Trabajos de Grado e Investigación Biblioteca UTECO Biblioteca UTECO En Estantería 11/03/2022 22011   DER 2022 A26 22011 11/03/2022 Ej.1 11/03/2022 Tesis
© 2021 Derechos Reservados UTECO - Teléfono: +1 809-585-2291 - Correo electrónico: biblioteca@uteco.edu.do​  
Código postal 43000 ​​
Dirección: Avenida Universitaria No. 100, 
Cotuí, Provincia Sánchez Ramírez, República Dominicana - RNC: 404-00059-6